00482nam a2200157 a 450000500170000000800410001702000180005805000230007610000210009924500320012026000360015230000130018844000220020152000800022365000210030320140412111426.0090718s19uu xx 00 eng d a0-307-16505-1 aTR(PS EbRu84 2000 aRedbank, Tennant aRug Bug /cTennant Redbank. aNew York :bGolden book,c2000. a1v. unp. aBetween the lions aAfter its home is destroyed by an unrolling rug, a bug gets a better place. aInsectsxfiction